000 00637nam a2200205Ia 4500
001 2453
003 GE_BSU
008 181216s||||||||xx |||||||||||||| ||und||
040 _cGE_BSU
080 _a58(479.22)
100 _aქიქოძე, დავით [და სხვ]
245 _aსაქართველოს ადგილობრივი ფლორა
250 _aგამოც. მე–2
260 _aთბილისი
260 _c2010
300 _a35 გვ.
541 _h4 ლ.
653 _aსაქართველოს ადგილობრივი ფლორა
942 _cBK
999 _c36535
_d36535